000 01030cam a2200229 4500
001 X123489
008 030903n2003 000 0 eng u
035 _a(Sirsi) u123489
245 _aNoise consultation
260 _c2003
490 _aRICS Westminster News
_v 1 September 2003 (1)
520 _aODPM is to consult on new limits for sound insulation for new dwellings and conversions. The consultation process follows research by the House Builders Federation into the possible cost implications of the proposals. Consultation paper http://www.odpm.gov.uk/stellent/groups/odpm_control/documents/contentservertemplate/odpm_index.hcst?n=3644&l=2. For further information contact Oliver Foster, t +44 (0)20 7334 3838 or e [email protected].
590 _aWB
650 _aNEW DWELLINGS
650 _aCONVERSIONS
650 _aHOUSE BUILDERS FEDERATION
650 _aCONSULTATION PROCESS
650 _aOFFICE OF THE DEPUTY PRIME MINISTER
650 _aSOUND INSULATION
690 _aBUILT ENVIRONMENT
942 _n0
999 _c73348
_d73348